000
00223nam a22000857a 4500
008
160915b xxu||||| |||| 00| 0 eng d
100
_9
498
_a
Singh.D
245
_a
Mathematics-Lab X
260
_a
New Delhi
_b
Dhanpat Publications
_c
2012
999
_c
3155
_d
3155